| 000 | 00888nam a2200253 a 4500 | ||
|---|---|---|---|
| 001 | 49864 | ||
| 003 | BD-RjUL | ||
| 005 | 20211209054735.0 | ||
| 008 | 160822r19681967paua b 000 0 eng | ||
| 035 | _a(BD-RjUL)49984 | ||
| 040 |
_aBD-RjUL _cDLC _dBD-RjUL _beng |
||
| 041 | _aeng | ||
| 082 | 0 | 0 |
_a371.73 _223 _bFAM 1968 |
| 100 | 1 |
_aFait, Hollis F. _9149451 |
|
| 245 | 1 | 2 |
_aA manual of physical education activities / _c[by] Hollis F. Fait, John H. Shaw [and] Katherine L. Ley. Illus. by Robert J. Demarest and James J. Bonner. |
| 250 | _a3d ed. | ||
| 260 |
_aPhiladelphia : _bSaunders, _cc1967 [Reprinted 1968] |
||
| 300 |
_axvi, 404 p. : _bill. ; _c26 cm. |
||
| 504 | _aIncludes bibliographies. | ||
| 650 | 0 |
_aPhysical education and training. _9149452 |
|
| 700 | 1 |
_aShaw, John Howard, _ejoint author. _9149453 |
|
| 700 | 1 |
_aLey, Katherine L., _ejoint author. _9149454 |
|
| 942 |
_2ddc _cBK |
||
| 999 |
_c49864 _d49864 |
||